Statistics for Districts of Gujarat on a Map

Click here to take the quiz!

General Stats

  • This quiz has been taken 524 times
  • The average score is 23 of 33

Answers on the Map

Answers color-coded by a green-red scale on the quiz's map according to % correct below.
 

Answer Stats

District% Correct
Ahmedabad
96%
Surat
96%
Kutch
87%
Gandhinagar
84%
Rajkot
83%
Vadodara
82%
Devbhoomi Dwarka
79%
Porbandar
79%
Bharuch
76%
Jamnagar
73%
Valsad
73%
Bhavnagar
72%
Anand
69%
Patan
68%
Amreli
67%
Junagadh
67%
Surendranagar
66%
Tapi
66%
Navsari
64%
Banaskantha
63%
Dang
63%
Narmada
62%
Mehsana
61%
Sabarkantha
61%
Morbi
60%
Gir Somnath
59%
Dahod
57%
Aravalli
56%
Botad
56%
Kheda
56%
Panchmahal
56%
Chhota Udaipur
53%
Mahisagar
52%

Score Distribution

Percentile by Number Answered

Percent of People with Each Score

Your Score History

You have not taken this quiz